[Event "Leiden SB-chB"]
[Site "Leiden"]
[Date "2014.06.17"]
[Round "6"]
[White "Kuiper, Chiel"]
[Black "Noordijk, Ed"]
[Result "1/2-1/2"]
[WhiteElo "1372"]
[BlackElo "1856"]
[PlyCount "77"]
[EventDate "2014.05.13"]
[EventType "swiss"]
[EventRounds "7"]
[EventCountry "NED"]
[SourceTitle "EXT 2015"]
[Source "ChessBase"]
[SourceDate "2014.11.20"]
[SourceVersion "1"]
[SourceVersionDate "2014.11.20"]
[SourceQuality "1"]

1. d4 d6 2. e4 Nf6 3. Nc3 Nbd7 4. Nf3 e5 5. Bc4 h6 6. 0-0 Be7 7. Be3 c6 8. Qd3 Qc7 9. Rfe1 g5 10. Rad1 Rg8 11. dxe5 dxe5 12. Ne2 Nf8 13. Ng3 N8h7 14. Qb3 Rg7 15. Qc3 Nd7 16. Nf5 Rg6 17. Qb3 Rf6 18. Ng7+ Kf8 19. Nh5 b5 20. Nxf6 Nhxf6 21. Bxf7 Nc5 22. Bxc5 Bxc5 23. Bg6 Qe7 24. Bf5 Ng4 25. Bxg4 Bxg4 26. Qd3 Re8 27. c3 a5 28. a3 b4 29. cxb4 axb4 30. axb4 Bxb4 31. Re2 Bc8 32. Qc2 Ba6 33. Re3 Bb5 34. Nd2 Rd8 35. Nb3 Ra8 36. Qc1 c5 37. Rf3+ Kg7 38. h4 Be2 39. Rg3 1/2-1/2